The reception of the Church Fathers in the West : (Record no. 12812)
[ view plain ]
| 000 -LEADER | |
|---|---|
| fixed length control field | 00653nam a2200181 4500 |
| 008 - FIXED-LENGTH DATA ELEMENTS--GENERAL INFORMATION | |
| fixed length control field | 020827s2001 ne 0 eng |
| 020 ## - INTERNATIONAL STANDARD BOOK NUMBER | |
| International Standard Book Number | 0391041207 |
| 090 #0 - LOCALLY ASSIGNED LC-TYPE CALL NUMBER (OCLC); LOCAL CALL NUMBER (OCLC) | |
| Classification number (OCLC) (R) ; Classification number, CALL (RLIN) (NR) | BS60 |
| Local cutter number (OCLC) ; Book number/undivided call number, CALL (RLIN) | R24b |
| 245 10 - TITLE STATEMENT | |
| Title | The reception of the Church Fathers in the West : |
| Remainder of title | from the Carolingians to the Maurists / |
| Statement of responsibility, etc | edited by Irena Backus. |
| 260 ## - PUBLICATION, DISTRIBUTION, ETC. (IMPRINT) | |
| Place of publication, distribution, etc | Netherlands : |
| Name of publisher, distributor, etc | E. J. Brill, |
| Date of publication, distribution, etc | 2001. |
| 300 ## - PHYSICAL DESCRIPTION | |
| Extent | vii, 473-1078 |
| 504 ## - BIBLIOGRAPHY, ETC. NOTE | |
| Bibliography, etc | Includes bibliographical references |
| 505 0# - FORMATTED CONTENTS NOTE | |
| Formatted contents note | vol. II |
| 650 #4 - SUBJECT ADDED ENTRY--TOPICAL TERM | |
| Topical term or geographic name as entry element | Fathers of the church |
| General subdivision | Study and teaching |
| -- | History. |
| 700 1# - ADDED ENTRY--PERSONAL NAME | |
| Personal name | Backus, Irena |
| 951 ## - EQUIVALENCE OR CROSS-REFERENCE-GEOGRAPHIC NAME/AREA NAME [OBSOLETE] [CAN/MARC only] | |
| -- | 25174 |
| -- | BS60/R24b-II |
| -- | 070613111143593 |
| -- | 2000-12-21 |
| -- | GC |
| Withdrawn status | Lost status | Damaged status | Not for loan | Home library | Current library | Shelving location | Date acquired | Accession number | Shelving control number | Total Checkouts | Full call number | Date last seen | Price effective from | Koha item type |
|---|---|---|---|---|---|---|---|---|---|---|---|---|---|---|
| BSOP Library | BSOP Library | GC | 12/21/2000 | 25174 | 127 | BS60/R24b-II | 02/23/2013 | 02/23/2013 | Books |
